000 00588 a2200157 i 4500
001 197400
003 45293
090 _a197400
100 _a u||y y50 zz
200 _aНародные песни и танцы в обработке для баяна
_gсост. М.Цыбулин
_hВ.8
__Народные песни и танцы в обработке для баяна. В.8
210 _d1978
_aМосква
_cСоветский композитор
215 _a30 с.
__30
675 _a780.647.2
686 _a786.8
_2rubbk
942 _2udc
_cNOTE
_j786.8
_z45293
999 _c45293
_d45293